书目信息 |
| 题名: |
晶体结构测定
|
|
| 作者: | 周公度 著 | |
| 分册: | ||
| 出版信息: | 北京 科学出版社 1981 |
|
| 页数: | 342页 | |
| 开本: | 21cm | |
| 丛书名: | ||
| 单 册: | ||
| 中图分类: | O723 | |
| 科图分类: | ||
| 主题词: | 晶体结构测定 | |
| 电子资源: | ||
| ISBN: | ||
| 000 | 00594nam0 2200229 45 | |
| 001 | 0181004986 | |
| 005 | 20060815083053.39 | |
| 010 | @dCNY2.10 | |
| 091 | @a13031.1380 | |
| 100 | @a19950623d1981 em y0chiy0121 ea | |
| 101 | 0 | @achi |
| 102 | @aCN@b110000 | |
| 105 | @ay z 000yy | |
| 200 | 10 | @a晶体结构测定@Ajing ti jie gou ce ding@f周公度著 |
| 210 | @a北京@c科学出版社@d1981 | |
| 215 | @a342页@d21cm | |
| 606 | @a晶体结构测定 | |
| 690 | @aO723@v3 | |
| 701 | 0 | @a周公度@Azhou gong du@4著 |
| 801 | 0 | @aCN@b上海图书馆@c20060815 |
| 801 | 2 | @aCN@bNLC@c20060720 |
| 905 | @dO723@e1@f1@b40706 | |
| 晶体结构测定/周公度著.-北京:科学出版社,1981 |
| 342页;21cm |
| ISBN :CNY2.10 |
| ● |
| 相关链接 |
|
|
|
|
正题名:晶体结构测定
索取号:O723/1
 
预约/预借
| 序号 | 登录号 | 条形码 | 馆藏地/架位号 | 状态 | 备注 |
| 1 | 0040704 | 000627263 | 第三借阅区/ [索取号:O723/1] | 在馆 | |
| 2 | 0040705 | 000627272 | 第二样本阅览室/ [索取号:O723/1] | 在馆 | |
| 3 | 0040706 | 000627281 | 第三借阅区/ [索取号:O723/1] | 在馆 | |
| 4 | 0432473 | 204324739 | 密集书库/ [索取号:O723/1] | 在馆 | |
| 5 | 0461398 | 204613980 | 密集书库/ [索取号:O723/1] | 在馆 | |
| 6 | 0461399 | 204613999 | 密集书库/ [索取号:O723/1] | 在馆 | |
| 7 | 0461400 | 204614006 | 密集书库/ [索取号:O723/1] | 在馆 |